Architecture and the smart city / (Record no. 607974)

000 -LEADER
fixed length control field 03434cam a2200361 i 4500
001 - CONTROL NUMBER
control field 21000545
003 - CONTROL NUMBER IDENTIFIER
control field OSt
005 - DATE AND TIME OF LATEST TRANSACTION
control field 20240221105635.0
008 - FIXED-LENGTH DATA ELEMENTS--GENERAL INFORMATION
fixed length control field 190604s2020 enka b 001 0 eng
010 ## - LIBRARY OF CONGRESS CONTROL NUMBER
LC control number 2019023336
020 ## - INTERNATIONAL STANDARD BOOK NUMBER
International Standard Book Number 9780367342067
020 ## - INTERNATIONAL STANDARD BOOK NUMBER
International Standard Book Number 9780367342074
020 ## - INTERNATIONAL STANDARD BOOK NUMBER
Canceled/invalid ISBN 9780429324468
040 ## - CATALOGING SOURCE
Original cataloging agency DLC
Language of cataloging eng
Description conventions rda
Transcribing agency DLC
Modifying agency DLC
042 ## - AUTHENTICATION CODE
Authentication code pcc
050 00 - LIBRARY OF CONGRESS CALL NUMBER
Classification number NA2543.T43
Item number A719 2020
082 00 - DEWEY DECIMAL CLASSIFICATION NUMBER
Classification number 720.47
Edition number 23
Author Mark ARC
245 00 - TITLE STATEMENT
Title Architecture and the smart city /
Statement of responsibility, etc. edited by Sergio M. Figueiredo, Sukanya Krishnamurthy and Torsten Schroeder.
260 ## - PUBLICATION, DISTRIBUTION, ETC.
Place of publication, distribution, etc. London:
Name of publisher, distributor, etc. Routledge;
Date of publication, distribution, etc. 2020.
300 ## - PHYSICAL DESCRIPTION
Extent xix, 259 pages :
Other physical details illustrations ;
Dimensions 26 cm.
490 0# - SERIES STATEMENT
Series statement AHRA critiques : critical studies in architectural humanities
504 ## - BIBLIOGRAPHY, ETC. NOTE
Bibliography, etc. note Includes bibliographical references and index.
505 2# - FORMATTED CONTENTS NOTE
Formatted contents note The Metaphor of the City as a Thinking Machine : A Complicated Relationship and its Backstory Sonja Hnilica -- The Right to the (Smart) City, Participation and Open Data / Jonas Breuer, Nils Walravens, Shenja Van der Graaf and Ilse Mariën -- Politics of sensing and listening / Dietmar Offenhuber and Sam Auinger -- Standing Out in a Crowd : Big Data to Produce New Forms of Publicness / Silvio Carta, Rebecca Onafuye and Pieter de Kock.
520 ## - SUMMARY, ETC.
Summary, etc. "Increasingly the world around us is becoming 'smart.' From smart meters to smart production, from smart surfaces to smart grids, from smart phones to smart citizens. 'Smart' has become the catch-all term to indicate the advent of a charged technological shift that has been propelled by the promise of safer, more convenient and more efficient forms of living. Most architects, designers, planners and politicians seem to agree that the smart transition of cities and buildings is in full swing and inevitable. However, beyond comfort, safety and efficiency - how can 'smart design and technologies' assist to address current and future challenges of architecture and urbanism? Architecture and the Smart City provides an architectural perspective on the emergence of the smart city and offers a wide collection of resources for developing a better understanding of how smart architecture, smart cities and smart systems in the built environment are discussed, designed and materialized. It brings together a range of international thinkers and practitioners to discuss smart systems through four thematic sections: 'Histories and Futures', 'Agency and Control', 'Materialities and Spaces' and 'Networks and Nodes.' Combined, these four thematic sections provide different perspectives into some of the most pressing issues with smart systems in the built environment. The book tackles questions related to the future of architecture and urbanism, lessons learned from global case studies, challenges related to interdisciplinary research, and critically examines what the future of buildings and cities will look like"--
650 #0 - SUBJECT ADDED ENTRY--TOPICAL TERM
Topical term or geographic name entry element Architecture and technology.
9 (RLIN) 10618
650 #0 - SUBJECT ADDED ENTRY--TOPICAL TERM
Topical term or geographic name entry element Smart cities.
9 (RLIN) 90641
700 1# - ADDED ENTRY--PERSONAL NAME
Personal name Figueiredo, Sergio M.,
Relator term editor.
9 (RLIN) 90642
776 08 - ADDITIONAL PHYSICAL FORM ENTRY
Relationship information Online version:
Title Architecture and the smart city
Place, publisher, and date of publication London ; New York : Routledge, 2020
International Standard Book Number 9780429324468
Record control number (DLC) 2019023337
906 ## - LOCAL DATA ELEMENT F, LDF (RLIN)
a 7
b cbc
c orignew
d 1
e ecip
f 20
g y-gencatlg
942 ## - ADDED ENTRY ELEMENTS (KOHA)
Source of classification or shelving scheme
Koha item type Book
Institution code [OBSOLETE] SADA
Call number prefix 720.47 ARC 2020
Holdings
Withdrawn status Lost status Source of classification or shelving scheme Damaged status Not for loan Permanent Location Current Location Date acquired Source of acquisition Total Checkouts Full call number Barcode Date last seen Cost, replacement price Price effective from Koha item type
          School of Art Design and Architecture (SADA) School of Art Design and Architecture (SADA) 09/17/2020 Golden Books   720.47 ARC 2020 SADA0002852 02/21/2024 5780.00 02/21/2024 Book
© 2023 Central Library, National University of Sciences and Technology. All Rights Reserved.